Zdjęcia miast - Statystyki

Ogólne statystyki
  • Ten quiz został rozwiązany 9 razy
  • Średni wynik to 2 z 11
Statystyki odpowiedzi
Obrazkowy Odpowiedź % Poprawnych
Gdańsk
100%
Casablanca
14%
Dallas
14%
Genewa
14%
Tel Awiw
14%
Xiamen
14%
Edmonton
0%
Kinszasa
0%
Marsylia
0%
Perth
0%
Porto Alegre
0%
Nie znaleziono quizów pasujących do podanych kryteriów
Rozkład punktacji
Procent ludzi z każdym wynikiem
Percentyl według liczby udzielonych odpowiedzi
Twoja historia wyników
Nie rozwiązałeś tego quizu